Poemes de la fi / (Record no. 131609)

MARC details
000 -LEADER
campo de control de longitud fija 00544nam a2200193 4500
001 - NÚMERO DE CONTROL
campo de control 131609
003 - IDENTIFICADOR DE NÚMERO DE CONTROL
campo de control ES-MaACL
005 - FECHA Y HORA DE LA ÚLTIMA TRANSACCIÓN
campo de control 20230906194019.0
007 - CAMPO FIJO DE DESCRIPCIÓN FÍSICA--INFORMACIÓN GENERAL
campo de control de longitud fija t|
008 - DATOS DE LONGITUD FIJA--INFORMACIÓN GENERAL
campo de control de longitud fija 070214s1964 sp r ||||1| cat d
100 1# - ENTRADA PRINCIPAL--NOMBRE DE PERSONA
Nombre de persona Rodríguez-Bernabéu, Emili.
9 (RLIN) 98381
245 10 - MENCIÓN DEL TÍTULO
Título Poemes de la fi /
Mención de responsabilidad, etc. Emili Rodríguez-Bernabéu.
260 ## - PUBLICACIÓN, DISTRIBUCIÓN, ETC.
Lugar de publicación, distribución, etc. Valencia :
Nombre del editor, distribuidor, etc. Torre,
Fecha de publicación, distribución, etc. 1964.
300 ## - DESCRIPCIÓN FÍSICA
Extensión 54 p. :
Otras características físicas il. ;
Dimensiones 18 cm.
490 1# - MENCIÓN DE SERIE
Mención de serie L'espiga ;
Designación de volumen o secuencia 50
830 0# - PUNTO DE ACCESO ADICIONAL DE SERIE-TÍTULO UNIFORME
Título uniforme L'espiga ;
Designación de volumen o secuencia 50
9 (RLIN) 181905
852 ## - LOCALIZACIÓN
Ubicación ES-MaACL
Número de control de estantería 2030-F-19
Sublocalización o colección R.54001
Holdings
Estatus retirado Estado de pérdida Estado de daño No para préstamo Colección Biblioteca de origen Biblioteca actual Ubicación en estantería Fecha de adquisición Fuente de adquisición Total de préstamos Signatura topográfica completa Código de barras Visto por última vez Precio de reemplazo Tipo de ítem Koha
        Colección de folletos Biblioteca del Ateneo de Madrid Biblioteca del Ateneo de Madrid Depósito folletos 17/01/2008     2030-F-19 1137011 23/02/2023 23/02/2023 Folleto